Encyclopedia of American industries.

Bibliographic Details
Format: Serial
Language:English
Published: Detroit, Mich. : Gale Research, c1994-
Subjects:
Online Access:Acceso restringido

MARC

LEADER 00000cas a2200000 a 4500
005 20110922095831.0
007 t|
008 971111c19949999nyu x e 0 a0eng c
010 |z   
022 0 |a 1941-2428 
035 |a 2778 
040 |a MnSJ  |c MnSJ  |d CLU  |d DLC  |d NjN  |d DLC  |d OCoLC  |d vLex 
043 |a n-us--- 
082 1 0 |a 338  |2 14 
090 |c 2519  |d 2519 
222 0 |a Encyclopedia of American industries 
245 0 0 |a Encyclopedia of American industries.  |h [Recurso electrn̤ico] 
256 |a Servicio en ln̕ea. 
260 |a Detroit, Mich. :  |b Gale Research,  |c c1994- 
300 |a v. :  |b ill. ;  |c 29 cm. 
310 |a Irregular 
362 0 |a [1st ed.]- 
500 |a Published: Farmington Hills, MI : Gale Group, 2001- ; Millerton, NY : Grey House Publishing, 2008- 
506 1 |a Contenido solo disponible en los productos indicados  |d vLex Global  |d vLex Global (Academic Edition, excluding Law Schools)  |d vLex Global (Academic Edition, Law Schools) 
650 0 4 |a Industrias  |z Estados Unidos de Amřica  |v Enciclopedias 
650 0 4 |a Industrias  |z Estados Unidos de Amřica  |v Clasificacin̤ 
650 0 4 |a Industrias manufacturadas  |z Estados Unidos de Amřica  |v Enciclopedias 
740 0 |a vLex Libros (Servicio en ln̕ea) 
856 4 0 |u http://vlex.com/source/encyclopedia-american-industries-2778  |z Acceso restringido 
942 |c BOOK